000 01049nab a2200205 i 4500
001 768714001
003 CO-MdFUSB
005 20240618062726.0
008 240502t1966 sp ||||| |||| 00| 0 spa d
040 _bspa
_cCO-MdFUSB
_dCO-MdFUSB
041 _aspa
100 _aLe Guillou, M.-J.
_eautor
245 3 _aLa misión como tema eclesiológico
_c/ M.-J. Le Guillou
520 _aEn este artículo se pone de manifiesto la importancia de la Misión como tema eclesiológico por el estudio de los puntos siguientes: la situación de la eclesiología al comienzo del siglo XX, la Misión y la actitud de los papas como hechos eclesiales, la aparición de la Misión como tema eclesiológico y, por último, la ampliación de la noción de la Misión.
650 0 _aMisiones
_9154
653 _aEclesiología
773 0 _049450
_982571
_oR2503
_tRevista internacional de teología Concilium
_w(CO-MdFUSB)8
_x0210-1041
_gNúmero 13, (marzo, 1966), páginas: 406 - 450
_qpágina: 406
942 _cANA
945 _aCatherine Arias Álvarez practicante SENA
999 _c69486
_d69486